| 000 | 00482nam a2200181Ia 4500 | ||
|---|---|---|---|
| 008 | 230714s9999 xx 000 0 und d | ||
| 020 | _a9790000000000 | ||
| 041 | _aeng | ||
| 082 |
_a621.382'2 _bRAO |
||
| 100 |
_aRao D.G. _9171171 |
||
| 245 | _aSignals And Systems | ||
| 250 | _a4th ed. | ||
| 260 |
_c2011 _bPearson Education |
||
| 300 | _a503 | ||
| 365 |
_cRs. _b375.00 |
||
| 700 |
_aRao D.G. & Tunga S. _9192584 |
||
| 906 |
_dO:0210801-Oct-2011B:254324-Aug-2011 _cETC _b187.5 |
||
| 999 |
_c204397 _d204397 |
||